| 000 | 00518nam a2200157Ia 4500 | ||
|---|---|---|---|
| 008 | 230907s9999||||xx |||||||||||||| ||und|| | ||
| 082 |
_a662.6 _bAMI |
||
| 100 |
_aMuhammad Amin (00000119743) _9116344 |
||
| 245 | 0 | _aDevelopment of carbon supported iron catalyst for liquid fuel production from coal biomass derived syngas / | |
| 260 |
_aUSPCAS-E, NUST, _bIslamabad : _c2017 |
||
| 300 | _aix, 73 p. : | ||
| 520 | _aTH-65 | ||
| 650 | _aMS-ESE Thesis MS Thesis | ||
| 700 |
_aDr Naseem Iqbal _916826 |
||
| 942 |
_cTHE _2ddc |
||
| 999 |
_c601744 _d601744 |
||